000 00400nam a2200169Ia 4500
100 _aKambhampaty/Shankar
650 _aCloud applications
250 _a2
942 _cBK
366 _f25
245 _aService oriented architecture for enterprise and cloud applications
260 _bWiley India
_c2010
082 _a4.65
_bKAM
300 _a328
546 _aENGLISH
_cComputers
999 _c35253
_d35253